000 00925cam a2200289Mi 4500
008
020 _a9781473913776 (paperback)
040 _aNUST
_cNUST
049 _aMAIN
090 _aHV40.8.G7
_bROG
100 1 _aRogers, Michaela.
245 1 0 _aDeveloping skills for social work practice /
_cMichaela Rogers, Dawn Whitaker, David Edmondson and Donna Peach
264 1 _aLondon :
_bSAGE Publications Ltd,
_c2017
300 _axiii, 279 pages ;
_c24 cm
336 _atext
_btxt
_2rdacontent
337 _aunmediated
_bn
_2rdamedia
338 _avolume
_bnc
_2rdacarrier
500 _aIncludes index.
650 0 _aSocial service
_xPractice
_zGreat Britain
700 1 _aWhitaker, Dawn.
700 1 _aEdmondson, David.
700 1 _aPeach, Donna,
_eauthor
907 _a.b1041762x
_b09-05-22
_c09-05-22
003
005 20230120144507.0
942 _cBOOKS
_kHV40.8.G7
_mROG
999 _c97850
_d97850